Top 50 Earning Movies of All Time - Statistics

General Stats
  • This quiz has been taken 22 times
  • The average score is 11 of 50
Answer Stats
Rank Gross in $$ Answer % Correct
1 $2,810,779,794 Avatar
84%
3 $2,471,754,307 Titanic
74%
2 $2,797,501,328 (Movie: Avengers) Endgame
68%
5 $2,048,359,754 (Movie: Avengers) Infinity War
53%
8 $1,518,815,515 (Movie: Marvel) The Avengers
53%
4 $2,068,455,919 (Movie: Star Wars) The Force Awakens
47%
22 1,153,561,6497 (Movie: Captain America) Civil War
42%
6 $1,670,516,444 Jurassic World
42%
11 $1,402,808,540 Age of Ultron
37%
42 $1,033,928,303 Jurassic Park
37%
44 $1,027,082,707 (Movie: Star Wars) The Phantom Menace
37%
12 $1,347,597,973 Black Panther
32%
25 $1,131,927,996 (Movie: Spider-Man) Far From Home
32%
16 $1,281,019,275 Frozen
32%
14 $1,332,698,830 (Movie: Star Wars) The Last Jedi
32%
24 $1,142,456,987 (Movie: Lord of the Rings) The Return of the King
32%
33 $1,074,144,248 (Movie: Star Wars) The Rise of Skywalker
32%
35 $1,066,970,811 Toy Story 3
32%
40 $1,038,046,191 The Dark Knight
26%
31 $1,081,142,612 The Dark Knight Rises
26%
13 $1,342,223,936 (Movie: Harry Potter) The Deathly Hallows
26%
49 $989,276,205 (Movie: Harry Potter) the Deathly Hallows
26%
34 $1,073,394,593 Toy Story 4
26%
26 $1,128,462,972 Captain Marvel
21%
48 $997,860,546 (Movie: Harry Potter) The Sorcerer's Stone
21%
23 $1,148,485,886 Aquaman
16%
36 $1,066,179,747 (Movie: Pirates of the Caribbean) Dead Man's Chest
16%
20 $1,214,811,252 Iron Man 3
16%
21 $1,159,444,662 Minions
16%
27 $1,123,794,079 (Movie: Transformers) Dark of the Moon
11%
50 $970,766,005 Despicable Me 2
11%
15 $1,310,464,680 (Movie: Jurassic World) Fallen Kingdom
11%
18 $1,243,089,244 Incredibles 2
11%
39 $1,045,713,802 (Movie: Pirates of the Caribbean) On Stranger Tides
11%
7 $1,657,870,986 The Lion King
11%
30 $1,083,720,877 The Lion King
11%
47 $1,017,003,568 (Movie: The Hobbit) An Unexpected Journey
5%
37 $1,056,057,720 (Movie: Rogue One) A Star Wars Story
5%
17 $1,264,064,831 Beauty and the Beast
5%
41 $1,034,800,131 Despicable Me 3
5%
43 $1,028,570,942 Finding Dory
5%
32 $1,074,251,311 Joker
5%
19 $1,236,005,118 The Fate of the Furious
5%
46 $1,023,792,558 Zootopia
5%
29 $1,104,054,072 (Movie: Transformers) Age of Extinction
0%
38 $1,050,693,953 Aladdin
0%
45 $1,025,468,216 Alice in Wonderland
0%
10 $1,450,026,933 Frozen II
0%
9 $1,515,255,622 Furious 7
0%
28 $1,108,561,013 Skyfall
0%
No matching quizzes found
Score Distribution
Percent of People with Each Score
Percentile by Number Answered
Your Score History
You have not taken this quiz